MARC

LEADER 00000nam0a2200000 4500
001 259006
005 20231101233340.0
010 |a 5020013064 
020 |a RU  |b 88-9950ж 
035 |a (RuTPU)RU\TPU\book\281898 
090 |a 259006 
100 |a 20140429a1988 k a0rusy5003 ca 
101 0 |a rus 
102 |a RU 
105 |a a z 001zy 
200 1 |a Медленное горение лазерной плазмы и оптические разряды  |f Академия наук СССР (АН СССР), Институт общей физики им. А. М. Прохорова (ИОФ) ; под ред. А. М. Прохорова 
210 |a Москва  |c Наука  |d 1988 
215 |a 155 с.  |c ил. 
225 1 |a Труды Института общей физики (ИОФАН)  |f АН СССР  |v Т. 10 
320 |a Библиогр. в конце ст. 
606 1 |a Газовый разряд  |x (физика плазмы)  |2 stltpush  |3 (RuTPU)RU\TPU\subj\5044  |9 33211 
610 1 |a лазерная плазма 
610 1 |a световой пробой 
610 1 |a горение 
610 1 |a оптические разряды 
610 1 |a лазерное излучение 
610 1 |a газодинамика 
675 |a 533.9  |z rus 
702 1 |a Прохоров  |b А. М.  |g Александр Михайлович  |4 340 
712 0 2 |a Академия наук СССР (АН СССР)  |b Институт общей физики им. А. М. Прохорова (ИОФ)  |c (Москва)  |2 stltpush  |3 (RuTPU)RU\TPU\col\11555 
801 0 |a RU  |b RuMRKP  |c 19950417  |g psbo 
801 1 |a RU  |b 63413507  |c 20140429 
801 2 |a RU  |b 63413507  |c 20150127  |g RCR 
942 |c BK